| 000 | 01343aam a2200493a 44500 | ||
|---|---|---|---|
| 008 | 980219s1997 cat | ||
| 017 | _aB-46310-1997 | ||
| 020 | _a8441227934 | ||
| 041 | _acat | ||
| 041 | _beng | ||
| 041 | _bfre | ||
| 041 | _bger | ||
| 041 | _bspa | ||
| 080 | _a55(038) | ||
| 100 |
_aRiba i Arderiu, Oriol _964132 |
||
| 245 | _aDiccionari de geologia | ||
| 245 | _cOriol Riba i Arderiu (dir.) | ||
| 260 | _aBarcelona | ||
| 260 | _bEnciclopèdia Catalana | ||
| 260 | _bInstitut d'Estudis Catalans | ||
| 260 | _c1997 | ||
| 300 |
_aXXIX, 1407 p. _bil. _c22 cm. |
||
| 365 | _b6.650 | ||
| 365 | _cptes | ||
| 490 | _aDiccionaris d'Enciclopèdia Catalana. Diccionaris Temàtics | ||
| 500 | _aBibliografia. Índexs | ||
| 500 | _aCategoria gramatical, sinònims, àmbit d'ús, etimologia | ||
| 500 | _btermcat | ||
| 520 | _a24.000 | ||
| 546 | _acatalà | ||
| 591 | _a5409 | ||
| 592 | _aObra terminològica | ||
| 593 | _aCC | ||
| 594 | _a5409 | ||
| 650 |
_ageologia _961191 |
||
| 830 |
_aDiccionaris d'Enciclopèdia Catalana. Diccionaris Temàtics _967337 |
||
| 856 | _uhttps://cit.iec.cat/obresx.asp?obra=DGEOL | ||
| 901 | _c<1997> | ||
| 902 | _a980219 | ||
| 942 |
_cMO _n0 _2ddc |
||
| 999 |
_c56171 _d56171 |
||